| 000 | 00568nam a2200181Ia 4500 | ||
|---|---|---|---|
| 008 | 140925s9999 xx 000 0 und d | ||
| 020 | _a1449-2679 | ||
| 245 |
_aAfrican Journal of Information & Communication Technology / _h[electronic resource] |
||
| 260 |
_bUTS ePRESS, _cc2013. |
||
| 516 | _aElectronic text | ||
| 650 | _aCommunication. | ||
| 650 | _aInformation Technology. | ||
| 650 | _aJournal. | ||
| 830 | _aUTS ePRESS | ||
| 856 | _uhttp://epress.lib.uts.edu.au/journals/index.php/ajict/issue/archive | ||
| 942 | _cEJ | ||
| 999 |
_c275692 _d275692 |
||